| 000 | 00736nam a22000977a 4500 | ||
|---|---|---|---|
| 008 | 160606b xxu||||| |||| 00| 0 eng d | ||
| 100 | _aErler, Martin | ||
| 245 |
_aAustria-Hungary Military Border : catalogue of the adhesive revenue stamps _bOsterreich-Ungarn Militargrenze : Katalog der Fiskalmarken |
||
| 260 |
_aIcking, Germany _bORA Verlag _c1978 |
||
| 650 | _aAustro-Hungarian Military Post | Austro-Hungarian Empire | Austria | Austria-Hungary | Hungary (1871-) | Revenues | Postage Stamps as Revenues | Overprints and Surcharges | Provisionals and Forerunners | Stamps -- Histories | Production | Errors and Varieties | Printing | Paper | Watermarks | Postal Markings | Revenue Cancellations | Cinderella Material | Catalogs and Price Lists | ||
| 999 |
_c2045 _d2045 |
||